The Clubs Manchester United Bought From - Statistics

General Stats
  • This quiz has been taken 306 times
  • The average score is 14 of 20
Answer Stats
# Player Club % Correct
6 Paul Pogba Juventus
97%
8 Juan Mata Chelsea
96%
31 Nemanja Matić Chelsea
96%
5 Harry Maguire Leicester City
94%
1 David de Gea Atlético Madrid
91%
18 Bruno Fernandes Sporting CP
91%
34 Donny van de Beek Ajax
90%
9 Anthony Martial AS Monaco
87%
29 Aaron Wan-Bissaka Crystal Palace
83%
23 Luke Shaw Southampton
80%
27 Alex Telles FC Porto
77%
2 Victor Lindelöf Benfica
70%
21 Daniel James Swansea City
65%
3 Eric Bailly Villarreal
65%
17 Fred Shakhtar Donetsk
62%
4 Phil Jones Blackburn Rovers
58%
19 Amad Diallo Atalanta
49%
13 Lee Grant Stoke City
35%
22 Sergio Romero Sampdoria
16%
30 Nathan Bishop Southend United
6%
No matching quizzes found
Score Distribution
Percent of People with Each Score
Percentile by Number Answered
Your Score History
You have not taken this quiz